| 000 | 00934nam a2200277 a 4500 | ||
|---|---|---|---|
| 001 | 000014228 | ||
| 005 | 20200929163529.0 | ||
| 008 | 091207s2000 sp 000 f spa d | ||
| 020 | _a8466301178 | ||
| 040 |
_aDO-SdBNP _bspa _cBNPHU |
||
| 041 | 1 | 7 |
_aspa _heng _2Código de idioma MARC |
| 082 |
_a813.5 _bC951c |
||
| 100 | 1 |
_aCross, Amanda, _d1926-2003 _932143 |
|
| 240 | 1 | 4 |
_aThe James Joyce Murder. _lEspañol |
| 245 | 1 | 3 |
_aEl caso James Joyce / _cAmanda Cross ; traducción de Belén Fernández. |
| 260 |
_a[Madrid] : _bSuma de Letras, _c2000. |
||
| 300 |
_a270 p. ; _c18 cm. |
||
| 490 | 1 |
_aPunto de lectura _v91/1 |
|
| 534 |
_pTítulo original en inglés: _tThe James Joyce Murder _cThe Macmillan Company, 1967 |
||
| 650 | 4 |
_aNovela estadounidense _9262 |
|
| 650 | 4 |
_aLiteratura estadounidense _9263 |
|
| 700 | 1 |
_aFernández, Belén, _etr. _932144 |
|
| 830 | 0 |
_aPunto de lectura ; _v91/1 _93047 |
|
| 910 | _aWM | ||
| 049 | _aBNGR | ||
| 999 |
_c13827 _d13827 |
||